[Event "AUTO-INT-3841"]
[Site "http://www.queenalice.com/game.php?id=1820915"]
[Date "2023.9.16"]
[Round "1"]
[White "Nereus"]
[Black "Equiferus"]
[Result "1-0"]
[WhiteElo "1986"]
[BlackElo "1671"]

1. d4 d5 2. c4 e6 3. Nc3 Nf6 4. Nf3 Be7 5. e3 O-O 6. Be2 c5 7. O-O Nc6 8. b3
cxd4 9. exd4 b6 10. Bb2 Ba6 11. Rc1 Rc8 12. Re1 Nd7 13. cxd5 Bxe2 14. Qxe2 exd5
15. Nxd5 Bd6 16. a3 h6 17. g3 a5 18. Qa6 Ncb8 19. Qb7 Rxc1 20. Rxc1 f6 21. Nh4
Kh7 22. Nf5 Rf7 23. Nxd6 Re7 24. Rc8 Nc5 25. Qxe7 Qxe7 26. Nxe7 Ncd7 27. Rg8 1-0

[Event "AUTO-INT-3841"]
[Site "http://www.queenalice.com/game.php?id=1820916"]
[Date "2023.9.16"]
[Round "1"]
[White "Equiferus"]
[Black "Nereus"]
[Result "0-1"]
[WhiteElo "1671"]
[BlackElo "1956"]

1. d4 Nf6 2. Nf3 d5 3. e3 e6 4. Bd3 c5 5. O-O Nc6 6. c4 Be7 7. b3 cxd4 8. Nxd4
O-O 9. Nxc6 bxc6 10. Nd2 e5 11. cxd5 cxd5 12. Qc2 Be6 13. e4 Rc8 14. Qb2 dxe4
15. Ba6 Rc7 16. Nc4 Bc5 17. Be3 Bd4 18. Rfd1 Bxb2 19. Rxd8 Bxa1 20. Rxf8+ Kxf8
21. h3 Bd4 22. Kf1 Bxe3 23. fxe3 Nd7 24. Ke1 Nc5 25. Bb5 a6 0-1

[Event "AUTO-INT-3841"]
[Site "http://www.queenalice.com/game.php?id=1820931"]
[Date "2023.9.16"]
[Round "1"]
[White "Equiferus"]
[Black "Jomaley"]
[Result "1-0"]
[WhiteElo "1662"]
[BlackElo "1394"]

1. d4 d5 2. Nf3 f6 3. e3 e6 4. Bd3 Bb4+ 5. Bd2 Qd6 6. Nc3 a5 7. a3 Bxc3 8. Bxc3
c5 9. dxc5 Qxc5 10. O-O Nc6 11. Nd4 Nxd4 12. Bxd4 Qd6 13. f4 e5 14. fxe5 fxe5
15. Bc3 d4 16. exd4 exd4 17. Bc4 Ne7 18. Re1 Kd7 19. Bxd4 Kc7 20. Be5 Qxe5 21.
Rxe5 Re8 22. Bb5 b6 23. Qf3 Bb7 24. Qf7 Bc6 25. Rxe7+ Rxe7 26. Qxe7+ Bd7 27.
Qxd7+ Kb8 28. Qxg7 Ra7 29. Qg8+ Kb7 30. Qxh7+ Ka8 31. Qh3 Re7 32. Rd1 Re5 33.
Bc6+ Ka7 34. Qd7+ Ka6 35. Qc8+ Ka7 36. Rd7# 1-0

[Event "AUTO-INT-3841"]
[Site "http://www.queenalice.com/game.php?id=1820932"]
[Date "2023.9.16"]
[Round "1"]
[White "Jomaley"]
[Black "Equiferus"]
[Result "0-1"]
[WhiteElo "1450"]
[BlackElo "1697"]

1. e4 d5 2. Bd3 dxe4 3. Bxe4 Nf6 4. Qe2 Nxe4 5. Qxe4 e6 6. d3 Be7 7. Qa4+ Bd7 8.
Qg4 O-O 9. h4 e5 10. Qe4 Nc6 11. c3 f5 12. Qf3 Be8 13. g4 Bxh4 14. gxf5 h6 15.
Rxh4 Qxh4 16. Be3 Bh5 17. Qe4 Qxe4 18. dxe4 Rad8 19. Nd2 b5 20. b4 Rd3 21. Ne2
Rfd8 22. a4 Bxe2 23. Kxe2 bxa4 24. Rxa4 Rxc3 25. b5 Nd4+ 26. Bxd4 exd4 27. Rxa7
Rb8 28. Ra5 Rc5 29. f4 Rcxb5 30. Ra4 c5 31. Kf3 Kf7 32. Ra7+ R8b7 33. Rxb7+ Rxb7
34. e5 g6 35. e6+ Ke7 36. fxg6 Kxe6 37. Ne4 Rg7 38. Nxc5+ Kf5 39. Nb3 d3 40. Nd2
Kxg6 41. Ke4 Rd7 42. f5+ Kf6 43. Nc4 d2 44. Nxd2 Rxd2 45. Ke3 Rd5 46. Ke4 Rxf5
0-1

[Event "AUTO-INT-3841"]
[Site "http://www.queenalice.com/game.php?id=1820933"]
[Date "2023.9.16"]
[Round "1"]
[White "Equiferus"]
[Black "SamuraiJOM"]
[Result "1-0"]
[WhiteElo "1720"]
[BlackElo "1752"]

1. d4 d5 2. Nf3 Nc6 3. e3 Bf5 4. Bb5 Qd7 5. Ne5 Qd6 6. O-O a6 7. Bxc6+ bxc6 8.
c4 Nf6 9. b3 c5 10. Bb2 Be4 11. Nd2 Bf5 12. h3 cxd4 13. exd4 c6 14. Qf3 Be6 15.
c5 Qc7 16. Rfe1 Bd7 17. b4 Be6 18. Nb3 g6 19. Bc1 Bg7 20. Na5 O-O 21. Naxc6 h5
22. Bg5 Bf5 23. Bf4 Be4 24. Qg3 Qb7 25. a3 e6 26. Na5 Qc7 27. Nxg6 Qd7 28. Nxf8
Kxf8 29. Bd6+ Kg8 30. c6 Qa7 31. c7 Rc8 32. Nc6 Qa8 33. Ne7+ Kh8 34. Nxc8 Qxc8
35. Be7 Ne8 36. Bd8 e5 37. Rac1 f6 38. Rc5 Bf8 39. Rc6 Bd6 40. Qh4 Bg6 41. Bxf6+
Kh7 42. Bd8 Nxc7 43. Bxc7 Bxc7 44. Qe7+ Kh6 45. Rxe5 Bd8 46. Rxc8 Bxe7 47. Rxe7
h4 48. Re5 Bf7 49. Ra8 a5 50. Rxa5 Kg6 51. Ra6+ Kg7 52. b5 1-0

[Event "AUTO-INT-3841"]
[Site "http://www.queenalice.com/game.php?id=1820934"]
[Date "2023.9.16"]
[Round "1"]
[White "SamuraiJOM"]
[Black "Equiferus"]
[Result "0-1"]
[WhiteElo "1717"]
[BlackElo "1703"]

1. e4 d5 2. Nc3 d4 3. Nce2 e5 4. d3 Be7 5. Nf3 Nc6 6. Ng3 Nf6 7. Nf5 Bxf5 8.
exf5 O-O 9. Bd2 Qd7 10. Be2 Qxf5 11. Nh4 Qe6 12. Bf3 e4 13. dxe4 Nxe4 14. O-O
Nxd2 15. Qxd2 Bxh4 16. Rfe1 Qf6 17. a3 Bg5 18. Qd1 Rad8 19. Rf1 b5 20. Qe2 a6
21. Rad1 Ne5 22. Be4 c5 23. h3 c4 24. g4 Qh6 25. Bg2 Rfe8 26. Qe4 Nd3 27. Qb7
Nxb2 28. Ra1 Na4 29. Bc6 Re7 30. Qxa6 Nc3 31. Kh2 Re5 32. Qb7 Bf4+ 33. Kg2 Qd6
34. a4 bxa4 35. Bxa4 h6 36. Qa7 Qd5+ 37. f3 d3 38. cxd3 Qxd3 39. Bd1 Nxd1 40.
Raxd1 Qe2+ 41. Qf2 Rxd1 42. Qxe2 Rxe2+ 43. Rf2 Rxf2+ 44. Kxf2 c3 45. Ke2 c2 46.
h4 Rd2+ 0-1

[Event "Challenge"]
[Site "http://www.queenalice.com/game.php?id=1821098"]
[Date "2023.9.18"]
[Round "-"]
[White "Capixabba789"]
[Black "Equiferus"]
[Result "1-0"]
[WhiteElo "1848"]
[BlackElo "1671"]

1. e4 d5 2. e5 d4 3. Bc4 e6 4. d3 g6 5. Nf3 Bg7 6. O-O f5 7. Na3 Ne7 8. Bg5 h6
9. Bf6 Bxf6 10. exf6 Nec6 11. f7+ Kxf7 12. Nb5 a6 13. Nbxd4 Nxd4 14. Nxd4 Bd7
15. c3 b5 16. Bb3 c5 17. Qf3 Ra7 18. Ne2 Bc6 19. Qe3 Bd5 20. Qxc5 Rc7 21. Qe3
Qf6 22. Bxd5 exd5 23. Nf4 Rd7 24. Rfe1 Rd6 25. d4 g5 26. Nh5 Qe6 27. Qxe6+ Rxe6
28. Rxe6 Kxe6 29. Re1+ Kf7 30. h3 Kg6 31. g4 fxg4 32. hxg4 Rf8 33. Re6+ Kh7 34.
Rd6 Re8 35. Kf1 Re4 36. f3 Re3 37. Kf2 Re7 38. Rxd5 Ra7 39. Re5 Nc6 40. Re4 Ne7
41. Ng3 Kg6 42. Ne2 Kf6 43. a3 Nd5 44. Kg3 a5 45. Re5 Rd7 46. Kg2 a4 47. Nc1 Nc7
48. Nd3 Rd5 49. Rxd5 Nxd5 50. Kg3 Ne3 51. Kf2 Nd5 52. Nc5 Kg6 53. c4 Nc7 54. d5
Ne8 55. cxb5 Kf6 56. Nxa4 Nd6 57. b6 Ke5 58. Nc3 Nb7 59. Ke3 Nd6 60. Nb5 Kxd5
61. Nxd6 Kxd6 62. Ke4 Kc6 63. Kf5 1-0

[Event "Challenge"]
[Site "http://www.queenalice.com/game.php?id=1826017"]
[Date "2023.11.26"]
[Round "-"]
[White "Capixaba789"]
[Black "Equiferus"]
[Result "1-0"]
[WhiteElo "1804"]
[BlackElo "1737"]

1. e4 d5 2. exd5 Qxd5 3. Nf3 e5 4. Nc3 Qa5 5. Be2 c6 6. O-O Be7 7. d4 exd4 8.
Nxd4 Nf6 9. Bf3 O-O 10. Be3 Bd7 11. Re1 Na6 12. a3 Qc7 13. Ne4 Nc5 14. Rb1 Ncxe4
15. Bxe4 Nxe4 16. Qf3 Ng5 17. Qe2 Ne4 18. c3 Bd6 19. Nf3 h6 20. Bxh6 Nxc3 21.
bxc3 Bxa3 22. Be3 b5 23. Qc2 Qd6 24. Ng5 g6 25. Rbd1 Qc7 26. Nxf7 Rxf7 27. Qxg6+
Rg7 28. Qh6 Kf7 29. Bd4 Rgg8 30. Qf6# 1-0

[Event "AUTO-INT-3796"]
[Site "http://www.queenalice.com/game.php?id=1830419"]
[Date "2024.1.29"]
[Round "2"]
[White "Equiferus"]
[Black "jogador58"]
[Result "0-1"]
[WhiteElo "1754"]
[BlackElo "2224"]

1. d4 Nf6 2. Nf3 g6 3. e3 Bg7 4. c4 O-O 5. Bd3 d6 6. O-O c6 7. Nbd2 a6 8. b3 b5
9. Bb2 d5 10. Ne5 Nfd7 11. Nef3 Re8 12. c5 Nxc5 13. Be2 Bf5 14. Nh4 Bc8 15. f4
Ncd7 16. b4 Nb6 17. Rc1 a5 18. a3 axb4 19. axb4 e5 20. fxe5 Qxh4 21. Nf3 Qe7 22.
Qe1 Nc4 23. Qc3 Bh6 24. Bxc4 bxc4 25. Rfe1 Bf5 26. Qd2 Na6 27. Bc3 Nc7 28. h3
Nb5 29. Ba1 Ra4 30. Qb2 Rxb4 31. Qa2 Rb3 32. Qf2 Ra8 33. Kh2 Raa3 34. Nd2 Bxe3
35. Qe2 Bxd2 36. Qxd2 Qh4 37. Bb2 Rxh3+ 38. gxh3 Qxh3+ 39. Kg1 Rg3+ 0-1

[Event "AUTO-INT-3796"]
[Site "http://www.queenalice.com/game.php?id=1830420"]
[Date "2024.1.29"]
[Round "2"]
[White "jogador58"]
[Black "Equiferus"]
[Result "0-1"]
[WhiteElo "2226"]
[BlackElo "1724"]

1. e4 d5 2. exd5 Qxd5 3. c4 Qa5 4. Nc3 c5 5. d4 cxd4 6. Qxd4 Nc6 7. Qd1 e6 8.
Nf3 Bb4 9. Bd2 Nge7 10. a3 Bxc3 11. Bxc3 Qf5 12. Bd3 Qg4 13. O-O O-O 14. Qc2 f5
15. b4 a6 16. Rfe1 Ng6 17. h3 Qf4 18. Bd2 Qd6 19. c5 Qc7 20. Bc3 e5 21. Bc4+ Kh8
22. Rad1 h6 23. Rd6 Kh7 24. Red1 Qe7 25. Qb2 Rd8 26. Rxd8 Nxd8 27. Nxe5 Ne6 28.
Nxg6 Kxg6 29. Qe2 Bd7 30. g4 f4 31. Qe4+ Kf7 32. Qxf4+ Ke8 33. Rd6 Nxf4 0-1

[Event "AUTO-OPEN-4514"]
[Site "http://www.queenalice.com/game.php?id=1833005"]
[Date "2024.3.9"]
[Round "1"]
[White "chessman"]
[Black "Equiferus"]
[Result "1-0"]
[WhiteElo "1953"]
[BlackElo "1779"]

1. e4 d5 2. exd5 Qxd5 3. Nf3 Qd8 4. Bc4 Bg4 5. Bxf7+ Kxf7 6. Ne5+ Ke8 7. Nxg4
Nf6 8. O-O Nc6 9. Re1 Qd6 10. Nc3 e5 11. Nxe5 Nxe5 12. d4 Nd7 13. dxe5 Qe6 14.
Bg5 Be7 15. Nd5 Qb6 16. Nxb6 Nxb6 17. Qg4 Bxg5 18. Qxg5 g6 19. Rad1 Rc8 20. Qh6
Kf7 21. e6+ Kf6 22. Qf4+ Kg7 23. Qf7+ Kh6 24. e7 Rce8 25. Rd3 Kg5 26. Re5+ 1-0

[Event "AUTO-OPEN-4514"]
[Site "http://www.queenalice.com/game.php?id=1833006"]
[Date "2024.3.9"]
[Round "1"]
[White "Equiferus"]
[Black "chessman"]
[Result "1-0"]
[WhiteElo "1752"]
[BlackElo "2019"]

1. d4 d5 2. Nf3 e6 3. e3 Nf6 4. Bd3 Be7 5. O-O O-O 6. c4 c6 7. c5 Re8 8. Nc3
Nbd7 9. b4 Nf8 10. e4 dxe4 11. Nxe4 Ng6 12. a4 Nxe4 13. Bxe4 Bf6 14. Bb2 Qc7 15.
Ra3 Rd8 16. Qc2 Bxd4 17. Bxd4 Rxd4 18. Nxd4 Qe5 19. Rd1 1-0

[Event "AUTO-OPEN-4514"]
[Site "http://www.queenalice.com/game.php?id=1833031"]
[Date "2024.3.9"]
[Round "1"]
[White "Equiferus"]
[Black "TammieM3ENF"]
[Result "1-0"]
[WhiteElo "1837"]
[BlackElo "1150"]

1. d4 e6 2. Nf3 d5 3. e3 c6 4. Bd3 b5 5. O-O a5 6. a3 b4 7. Nbd2 bxa3 8. b3 a4
9. bxa4 Rxa4 10. c3 a2 11. Qxa4 f5 12. Rxa2 g5 13. h3 g4 14. hxg4 fxg4 15. Nh2
h5 16. g3 h4 17. Nxg4 h3 18. Bg6+ Ke7 19. Qb4+ Kd7 20. Ra7+ Bb7 21. Rxb7+ Qc7
22. Ne5+ Kc8 23. Rxc7+ Kxc7 24. Qxf8 c5 25. Qg7+ Nd7 26. Qxd7+ Kb6 27. Qc6+ Ka7
28. Qxc5+ Kb7 29. Qc6+ Kb8 30. Nd7+ Ka7 31. Ba3 Rh6 32. Bc5# 1-0

[Event "AUTO-OPEN-4514"]
[Site "http://www.queenalice.com/game.php?id=1833032"]
[Date "2024.3.9"]
[Round "1"]
[White "TammieM3ENF"]
[Black "Equiferus"]
[Result "0-1"]
[WhiteElo "1152"]
[BlackElo "1770"]

1. d4 d5 2. c3 Nf6 3. e4 dxe4 4. f3 e6 5. fxe4 Nxe4 6. b4 Bd6 7. a4 Qh4+ 8. g3
Bxg3+ 9. Ke2 Qg4+ 10. Ke3 Qxd1 11. Kxe4 f5+ 12. Ke3 Qxc1+ 13. Kf3 Qxf1+ 14. Kxg3
f4+ 15. Kg4 e5+ 16. Kh5 Qg2 17. dxe5 Qg4# 0-1

[Event "AUTO-ADV-4773"]
[Site "http://www.queenalice.com/game.php?id=1833104"]
[Date "2024.3.10"]
[Round "1"]
[White "Equiferus"]
[Black "Canaye14"]
[Result "1-0"]
[WhiteElo "1800"]
[BlackElo "1862"]

1. d4 e6 2. Bd2 d5 3. e3 c5 4. Bd3 c4 5. Be2 Nf6 6. Nf3 Nc6 7. O-O Be7 8. b3
cxb3 9. axb3 O-O 10. c4 Ne4 11. Nc3 f5 12. cxd5 exd5 13. h3 a6 14. Rb1 h6 15.
Na4 Be6 16. b4 b5 17. Nc5 Bf7 18. Ra1 Nxd2 19. Qxd2 Qc8 20. Rfc1 Bxc5 21. dxc5
Rd8 22. Ra3 Rd7 23. Nh4 Rd8 24. Rd3 Ne5 25. Rd4 g5 26. Nf3 Nc6 27. Rd3 a5 28.
bxa5 Rxa5 29. Bd1 Qa8 30. Bb3 Ra3 31. g3 Na5 32. Bc2 Nc4 33. Qb4 Ra1 34. Rxa1
Qxa1+ 35. Qb1 Ra8 36. Kg2 Qxb1 37. Bxb1 Ra1 38. Bc2 Be6 39. Nd4 Bc8 40. Nxb5 Be6
41. Nd4 Bc8 42. c6 Ne5 43. Rc3 Ra2 44. c7 Nc4 45. Bb3 Ra8 46. Bxc4 dxc4 47. Rxc4
Kf7 48. Kf3 Bb7+ 49. Ke2 Bc8 50. f4 Ba6 51. Kd3 Kf6 52. Kc3 Bxc4 53. Kxc4 g4 54.
hxg4 fxg4 55. e4 h5 56. Kd5 h4 57. gxh4 g3 58. Ne2 g2 59. Kd6 Ra2 60. Ng1 Rd2+
61. Kc6 Ke7 62. c8=Q Rc2+ 63. Kb7 Rb2+ 64. Kc7 Rc2+ 65. Kb8 Rb2+ 66. Qb7+ Rxb7+
67. Kxb7 Kf6 68. Kc6 Ke6 69. Kc5 Kf6 70. Kd6 Kf7 71. e5 Ke8 72. f5 Kd8 73. e6
Ke8 74. f6 Kf8 75. Kd7 Kg8 76. e7 1-0

[Event "AUTO-ADV-4773"]
[Site "http://www.queenalice.com/game.php?id=1833105"]
[Date "2024.3.10"]
[Round "1"]
[White "Canaye14"]
[Black "Equiferus"]
[Result "0-1"]
[WhiteElo "1943"]
[BlackElo "1772"]

1. d4 d5 2. c4 dxc4 3. e3 e5 4. Bxc4 exd4 5. exd4 Nf6 6. Nc3 Bb4 7. d5 O-O 8.
Bg5 h6 9. Bd2 Re8+ 10. Nge2 Bf5 11. O-O Nbd7 12. Nd4 a6 13. Nxf5 b5 14. Bb3 Nc5
15. a3 Nxb3 16. axb4 Nxa1 17. Qxa1 Qd7 18. Qb1 Re5 19. Ne3 c6 20. Rd1 cxd5 21.
Ne2 d4 22. Nf1 Rxe2 23. Ng3 Re5 24. Bc3 Rd5 25. Bd2 Rd8 26. Re1 Re8 27. Rxe8+
Nxe8 28. Ne4 Nc7 29. Nc5 Qe7 30. Qd3 Qe5 31. h3 Qf5 32. Qg3 Qb1+ 33. Kh2 Ne8 34.
Bxh6 Qxb2 35. Bf4 Qxb4 36. Nxa6 Qb2 37. Nc7 Nxc7 38. Bxc7 d3 39. Qe3 d2 40. Qe8+
Kh7 41. Qe4+ Rf5 42. Qxf5+ g6 43. Qxf7+ Qg7 44. Qd5 Qxc7+ 45. g3 Qc2 46. Qf7+
Kh6 47. Qf8+ Kh5 48. g4+ Kg5 49. Qe7+ Kh6 50. Qf8+ Kh7 51. Qf7+ Kh6 52. Qf4+ Kg7
53. g5 d1=Q 54. Qf6+ Kg8 55. Qe6+ Kf8 56. Qf6+ Ke8 57. Qe5+ Kd8 58. Qh8+ Kc7 59.
Qh7+ Qd7 60. Qxg6 Qxg6 61. h4 Qdd6+ 62. Kg2 Qe4+ 63. f3 Qe2+ 0-1

[Event "AUTO-ADV-4773"]
[Site "http://www.queenalice.com/game.php?id=1833106"]
[Date "2024.3.10"]
[Round "1"]
[White "Equiferus"]
[Black "Daniel1962"]
[Result "0-1"]
[WhiteElo "1839"]
[BlackElo "1909"]

1. d4 d5 2. Nf3 c6 3. e3 Nf6 4. Be2 Ne4 5. O-O Be6 6. b3 Bf5 7. Bd3 e6 8. Nbd2
Nxd2 9. Qxd2 Nd7 10. Bxf5 exf5 11. c4 dxc4 12. bxc4 Be7 13. c5 Qc7 14. a4 g5 15.
h3 g4 16. hxg4 fxg4 17. Nh2 h5 18. e4 O-O-O 19. g3 h4 20. e5 f6 21. Qf4 hxg3 22.
fxg3 fxe5 23. Qxg4 Rdg8 24. Qf3 Bh4 25. Ng4 Bd8 26. dxe5 Nxc5 27. Bf4 Rg7 28.
Nf6 Qb6 29. Kg2 Qb2+ 30. Qf2 Qxf2+ 31. Rxf2 Nd3 32. Rff1 Bxf6 33. exf6 Rgh7 34.
Kf3 Nb4 35. Bd6 Nd5 36. Ke4 Re8+ 37. Kd4 Rd7 38. Kc5 Rf7 39. Rf5 Nxf6 40. Kd4
Re4+ 41. Kd3 Kd7 42. Be5 Ke6 43. Raf1 Rxe5 44. R5f4 Rd7+ 45. Kc2 Re2+ 46. Kc1
Ne4 47. g4 Rdd2 48. g5 Nc3 49. Rf6+ Kd5 50. R6f5+ Kc4 51. R1f4+ Kb3 0-1

[Event "AUTO-ADV-4773"]
[Site "http://www.queenalice.com/game.php?id=1833107"]
[Date "2024.3.10"]
[Round "1"]
[White "Daniel1962"]
[Black "Equiferus"]
[Result "0-1"]
[WhiteElo "1893"]
[BlackElo "1818"]

1. e4 d5 2. exd5 Qxd5 3. Nc3 Qa5 4. Bc4 c5 5. Nf3 Nc6 6. Ng5 e6 7. Qf3 Nf6 8.
O-O Ne5 9. Qf4 Bd6 10. Qe3 Nxc4 11. Qe2 Ne5 12. d3 O-O 13. Bd2 Qb6 14. b3 a5 15.
Nce4 Be7 16. Bc3 Ng6 17. Nxf6+ gxf6 18. Ne4 e5 19. a3 f5 20. Nd2 Be6 21. Nf3 f6
22. Rfb1 Qc6 23. Bd2 b5 24. c4 b4 25. axb4 axb4 26. Rxa8 Rxa8 27. h3 f4 28. Qe4
Qxe4 29. dxe4 Ra2 30. Kh2 f5 31. exf5 Bxf5 32. Rd1 Bc2 33. Re1 Bxb3 34. Nxe5
Rxd2 35. Nxg6 hxg6 36. Rxe7 Bxc4 37. Re4 Rd4 38. Re5 Bd5 39. f3 Kf7 40. h4 Kf6
41. Re8 b3 42. Rb8 c4 43. Kh3 c3 44. Kg4 c2 45. Rc8 Rc4 46. Rf8+ Kg7 0-1

[Event "AUTO-OPEN-4521"]
[Site "http://www.queenalice.com/game.php?id=1834980"]
[Date "2024.4.12"]
[Round "1"]
[White "Carlos19"]
[Black "Equiferus"]
[Result "0-1"]
[WhiteElo "1727"]
[BlackElo "1841"]

1. e4 e5 2. Nf3 f5 3. Bd3 Nc6 4. exf5 d5 5. c4 e4 6. Qe2 Be7 7. cxd5 exd3 8.
Qxd3 Nf6 9. Nc3 O-O 10. O-O b6 11. Ne1 Ne5 12. Qc2 Bb7 13. f4 Bc5+ 14. Kh1 Neg4
15. Nf3 Nf2+ 16. Kg1 N2e4+ 17. Kh1 Qd7 18. d4 Qxf5 19. Kg1 Bb4 20. Nh4 Qh5 21.
g3 Nxc3 22. bxc3 Bd6 23. Qf5 Bxd5 24. Qxh5 Nxh5 25. f5 Rae8 26. a4 Re2 27. a5
Nxg3 28. hxg3 Bxg3 29. Nf3 Rxf5 30. axb6 Bxf3 31. bxa7 Bh2# 0-1